000 00313nam a22001337a 4500
008 190226b xxu||||| |||| 00| 0 eng d
020 _a2901405132373
041 _aeng
080 _a339.9
100 _a59
101 _aGLO
245 _aThe Globalization and Development Reader
_cRoberts,J.T
942 _2udc
_cBK
999 _c54281
_d54281